The Wolf-Rayet Stars (Record no. 7106)

MARC details
000 -LEADER
fixed length control field 00613nam a2200181Ia 4500
003 - CONTROL NUMBER IDENTIFIER
control field IN-BaIIA
008 - FIXED-LENGTH DATA ELEMENTS--GENERAL INFORMATION
fixed length control field 211028s9999 xx 000 0 eng d
040 ## - CATALOGING SOURCE
Transcribing agency IIA Library
080 ## - UNIVERSAL DECIMAL CLASSIFICATION NUMBER
Universal Decimal Classification number 524.358(081)
Item number SAH
100 ## - MAIN ENTRY--PERSONAL NAME
Personal name Sahade, Jorge
9 (RLIN) 10706
245 #4 - TITLE STATEMENT
Title The Wolf-Rayet Stars
Remainder of title cours professe au College de Faance du 19 fevrier au 25 mars 1980
Statement of responsibility, etc. Jorge Sahade
260 ## - PUBLICATION, DISTRIBUTION, ETC.
Place of publication, distribution, etc. Paris
Name of publisher, distributor, etc. College De France
Date of publication, distribution, etc. 1980
300 ## - PHYSICAL DESCRIPTION
Extent 162p.
650 ## - SUBJECT ADDED ENTRY--TOPICAL TERM
Topical term or geographic name entry element Astronomy and astrophysics thesaurus
650 ## - SUBJECT ADDED ENTRY--TOPICAL TERM
Topical term or geographic name entry element Emission line stars
9 (RLIN) 9479
650 ## - SUBJECT ADDED ENTRY--TOPICAL TERM
Topical term or geographic name entry element Wolf Rayet stars
9 (RLIN) 7146
942 ## - ADDED ENTRY ELEMENTS (KOHA)
Koha item type Books
Holdings
Withdrawn status Lost status Damaged status Not for loan Home library Current library Shelving location Date acquired Total Checkouts Full call number Barcode Date last seen Price effective from Koha item type
        IIA Library-Bangalore IIA Library-Bangalore General Stacks 24/06/1982   524.358(081)/ SAH 7889 05/11/2021 24/06/1982 Books

Powered by Koha